| 000 | 00000nam 2200000za 4500 |
| 001 | 9.699934 |
| 003 | CaOODSP |
| 005 | 20210625000615 |
| 007 | cr ||||||||||| |
| 008 | 150407|1922||||xxc|||||o f|0| 0 eng d |
| 040 | |aCaOODSP|beng |
| 043 | |an-cn--- |
| 086 | 1 |aCP32-115/1922E-PDF |
| 086 | 1 |aZ1-1922E-PDF |
| 110 | 1 |aCanada. |bPrivy Council Office. |
| 245 | 10|aBritish Columbia Fisheries Commission, 1922 |h[electronic resource] : |breport and recommendations / |cWm. Duff, chairman ; C.H. Dickie, L.H. Martell, W.G. McQuarrie, A.W. Neill, A. Stork, commissioners. |
| 260 | |aOttawa : |bPrivy Council Office |c1922. |
| 300 | |a34p.|btables |
| 500 | |aHistorical publication digitized in 2009 by the Privy Council Office of Canada. |
| 590 | |a15-04-Supp|b2015-03-19 |
| 690 | 07|aCommissions of inquiry|2gcpds |
| 690 | 07|aFisheries|2gcpds |
| 856 | 40|ahttp://publications.gc.ca|qPDF|s2.59 MB|uhttps://publications.gc.ca/collections/collection_2014/bcp-pco/CP32-115-1922-eng.pdf |